Football players who have played for Chelsea and Barcelona - Statistics

General Stats
  • This quiz has been taken 2,058 times
    765 since last reset
  • The average score is 7 of 19
Answer Stats
Years at Chelsea Years at Barcelona Player % Correct
2014-2019 2011-2014 Cesc Fabregas
74%
2014-2022 2022-present Andreas Christensen
70%
2015-2020 2008-2015 Pedro Rodriguez
69%
2016-2022 2022-2024 Marcos Alonso
68%
2023 (loan),2024-2025 2023-2024 (loan) Joao Felix
64%
2013-2014 2004-2009 Samuel Eto'o
61%
2008-2010 2004-2008 Deco
49%
2022-2023 2022 Pierre-Emerick Aubameyang
48%
2024-present 2023-2024 Marc Guiu
43%
2022-present 2017-2020 Marc Cucurella
39%
2000-2006 2006-2009 Eidur Gudjohnsen
27%
2011-2015 2010-2011,2023-2025 Oriol Romeu
26%
2007-2010 2004-2007 Juliano Belletti
21%
2001-2004 2000-2001 Emmanuel Petit
18%
2009 (loan) 2003-2004 Ricardo Quaresma
15%
1998-2003 1990-1998 Albert Ferrer
11%
2001-2004 1998-2001 Boudewijn Zenden
10%
1995-1998 1986-1988 Mark Hughes
8%
2000-2004 1998-2000 Winston Bogarde
7%
No matching quizzes found
Score Distribution
Percent of People with Each Score
Percentile by Number Answered
Your Score History
You have not taken this quiz since the last reset